[Event "GER-ch U12"]
[Site "Willingen"]
[Date "2022.06.08"]
[Round "6"]
[White "Gavrylyuk, Oleksandr"]
[Black "Gulamzada, Elmir"]
[Result "1-0"]
[WhiteElo "1272"]
[BlackElo "1539"]
[PlyCount "69"]
[EventDate "2022.06.04"]
[EventType "swiss"]
[EventRounds "9"]
[EventCountry "GER"]
[SourceTitle "CBM 208 Extra"]
[Source "ChessBase"]
[SourceDate "2022.07.31"]
[SourceVersion "1"]
[SourceVersionDate "2022.07.31"]
[SourceQuality "1"]

1. e4 e6 2. d4 d5 3. Nc3 Nf6 4. Bg5 Be7 5. e5 Nfd7 6. Bxe7 Qxe7 7. f4 a6 8. Nf3 c5 9. Bd3 Nc6 10. Be2 cxd4 11. Nxd4 Qb4 12. Nxc6 bxc6 13. Qc1 c5 14. 0-0 Bb7 15. a3 Qb6 16. Bf3 0-0 17. Re1 d4 18. Na4 Qb5 19. Bxb7 Qxb7 20. c3 d3 21. c4 Qb3 22. Nc3 Qxc4 23. Re4 Qb3 24. Qd2 c4 25. Rd4 Nc5 26. Ne4 Na4 27. Rb1 Rab8 28. h3 Rfc8 29. Qc1 Qb6 30. Qe3 Nc3 31. Nxc3 Qb3 32. Qd2 Qb6 33. Qf2 Rb7 34. Ne4 Rcc7 35. Rd8# 1-0

[Event "GER-ch U10"]
[Site "Willingen"]
[Date "2021.08.26"]
[Round "6"]
[White "Gulamzada, Elmir"]
[Black "Peglau, Paul David"]
[Result "0-1"]
[WhiteElo "1342"]
[BlackElo "1365"]
[PlyCount "121"]
[EventDate "2021.08.22"]
[EventType "swiss"]
[EventRounds "11"]
[EventCountry "GER"]
[SourceTitle "EXT 2022"]
[Source "ChessBase"]
[SourceDate "2021.10.06"]
[SourceVersion "1"]
[SourceVersionDate "2021.10.06"]
[SourceQuality "1"]

1. e4 c6 2. d4 d5 3. exd5 cxd5 4. Nc3 Nc6 5. Bb5 Bf5 6. Nge2 e6 7. Bf4 Bd6 8. Bd3 Bxf4 9. Bxf5 Bd6 10. Bd3 Nge7 11. Qd2 a6 12. g4 Qc7 13. h4 0-0-0 14. f4 Rdf8 15. Rf1 Qb6 16. Na4 Qb4 17. Qxb4 Nxb4 18. Nac3 Nec6 19. f5 Nxd3+ 20. cxd3 g6 21. h5 Kd7 22. Nf4 Bxf4 23. Rxf4 g5 24. Rf1 Nxd4 25. Kd2 b5 26. Ne2 Nxe2 27. Kxe2 e5 28. Ke3 Kd6 29. Rac1 Rc8 30. a3 a5 31. b3 f6 32. Rfe1 Rhe8 33. h6 Red8 34. Rh1 Rc6 35. Rxc6+ Kxc6 36. Rc1+ Kd6 37. Rc2 Rb8 38. d4 exd4+ 39. Kxd4 Re8 40. Kd3 Re4 41. Rc8 Rxg4 42. Rh8 Rh4 43. Rxh7 g4 44. Rh8 g3 45. Ke3 d4+ 46. Kf3 d3 47. Kxg3 Rh1 48. h7 Ke7 49. Rc8 d2 50. h8Q Rxh8 51. Rxh8 d1Q 52. Rh7+ Kf8 53. Ra7 Qg1+ 54. Kh4 Qxa7 55. Kh5 Qg7 56. Kh4 Ke7 57. Kh3 Kd6 58. Kh2 Ke5 59. Kh1 Kf4 60. Kh2 Kf3 61. Kh1 0-1

[Event "GER-ch U10"]
[Site "Willingen"]
[Date "2021.08.24"]
[Round "4"]
[White "Buchinger, Alexis"]
[Black "Gulamzada, Elmir"]
[Result "1-0"]
[WhiteElo "1578"]
[BlackElo "1342"]
[PlyCount "89"]
[EventDate "2021.08.22"]
[EventType "swiss"]
[EventRounds "11"]
[EventCountry "GER"]
[SourceTitle "EXT 2022"]
[Source "ChessBase"]
[SourceDate "2021.10.06"]
[SourceVersion "1"]
[SourceVersionDate "2021.10.06"]
[SourceQuality "1"]

1. e4 c5 2. Nf3 Nc6 3. d4 cxd4 4. Nxd4 g6 5. c4 Bg7 6. Be3 Nf6 7. Nc3 d6 8. Be2 Bd7 9. f3 0-0 10. Qd2 Qc7 11. 0-0-0 Nxd4 12. Bxd4 a6 13. Bxf6 Bxf6 14. Nd5 Qc6 15. Nxf6+ exf6 16. Qxd6 Qxd6 17. Rxd6 Be6 18. b3 Rac8 19. Kb2 Rfe8 20. Bd3 Red8 21. Rxd8+ Rxd8 22. Bc2 Rd2 23. Rg1 f5 24. Kc3 Rf2 25. exf5 gxf5 26. a4 Kf8 27. Kd3 Ke7 28. Bd1 Kd6 29. Be2 f4 30. Kd2 Bh3 31. gxh3 Rxh2 32. Rg7 Rxh3 33. Rxf7 h5 34. Rxf4 h4 35. Rf7 Kc6 36. Rh7 Rh2 37. b4 b6 38. Rh6+ Kb7 39. f4 a5 40. bxa5 bxa5 41. Ke3 h3 42. f5 Rh1 43. Bf3+ Kc7 44. Bxh1 Kd7 45. Rxh3 1-0

[Event "GER-ch U10"]
[Site "Willingen"]
[Date "2021.08.23"]
[Round "2"]
[White "Gulamzada, Elmir"]
[Black "Burban, Bogdan"]
[Result "1-0"]
[WhiteElo "1342"]
[BlackElo "1062"]
[PlyCount "67"]
[EventDate "2021.08.22"]
[EventType "swiss"]
[EventRounds "11"]
[EventCountry "GER"]
[SourceTitle "EXT 2022"]
[Source "ChessBase"]
[SourceDate "2021.10.06"]
[SourceVersion "1"]
[SourceVersionDate "2021.10.06"]
[SourceQuality "1"]

1. e4 e6 2. d4 d5 3. Nc3 Nf6 4. e5 Nfd7 5. f4 c5 6. Nf3 Nc6 7. Be3 a6 8. Qd2 b5 9. dxc5 Nxc5 10. 0-0-0 Bb7 11. Qf2 Nd7 12. Ne2 Be7 13. Ned4 0-0 14. Bd3 Bc5 15. Nxc6 Bxe3+ 16. Qxe3 Bxc6 17. Nd4 Qb6 18. Rde1 Rac8 19. Nf3 Qc7 20. Kb1 Ba8 21. Ng5 h6 22. Nf3 Qb7 23. g4 g6 24. h4 f5 25. exf6 Rxf6 26. g5 hxg5 27. hxg5 Rff8 28. Qxe6+ Rf7 29. Bxg6 Nf8 30. Bxf7+ Qxf7 31. Qxc8 Qxf4 32. Qxa8 Qxf3 33. Ref1 Qe4 34. Qxf8# 1-0

[Event "GER-ch U10"]
[Site "Willingen"]
[Date "2020.10.28"]
[Round "2"]
[White "Ehrath, Hendrik"]
[Black "Gulamzada, Elmir"]
[Result "1-0"]
[WhiteElo "1193"]
[BlackElo "1397"]
[PlyCount "85"]
[EventDate "2020.10.26"]
[EventType "swiss"]
[EventRounds "7"]
[EventCountry "GER"]
[SourceTitle "CBM 199 Extra"]
[Source "ChessBase"]
[SourceDate "2021.01.31"]
[SourceVersion "1"]
[SourceVersionDate "2021.01.31"]
[SourceQuality "1"]

1. e4 e6 2. d4 d5 3. exd5 exd5 4. Bd3 Nc6 5. Nf3 Bg4 6. h3 Bxf3 7. Qxf3 Nxd4 8. Qe3+ Qe7 9. Qxe7+ Bxe7 10. Be3 Nc6 11. 0-0 Nf6 12. Bb5 0-0 13. Bg5 Nd4 14. Bd3 h6 15. Bh4 Rfe8 16. c3 Nc6 17. Re1 Bc5 18. Nd2 Rxe1+ 19. Rxe1 Re8 20. Rxe8+ Nxe8 21. a4 Nf6 22. Bxf6 gxf6 23. b4 Ne5 24. Bf5 Bd6 25. Bc8 b6 26. Bb7 c6 27. Nf3 Nxf3+ 28. gxf3 Be5 29. Bxc6 Bxc3 30. Bxd5 Bxb4 31. Kf1 Bc5 32. f4 f5 33. Ke2 Bd6 34. Ke3 Kg7 35. h4 Kg6 36. Kf3 f6 37. Kg3 a6 38. Bc4 a5 39. Bd3 Bc5 40. f3 Bb4 41. Bb5 Be1+ 42. Kh3 Kh5 43. Be8# 1-0

[Event "GER-chT School WK GS"]
[Site "Playchess.com INT"]
[Date "2020.06.18"]
[Round "6.1"]
[White "Goellnitz, Aaron"]
[Black "Gulamzada, Elmir"]
[Result "0-1"]
[WhiteElo "1404"]
[BlackElo "1509"]
[PlyCount "74"]
[EventDate "2020.06.11"]
[EventType "team-swiss (blitz)"]
[EventRounds "7"]
[EventCountry "GER"]
[SourceTitle "EXT 2021"]
[Source "ChessBase"]
[SourceDate "2020.10.23"]
[SourceVersion "1"]
[SourceVersionDate "2020.10.23"]
[SourceQuality "1"]
[WhiteTeam "Leipzig Sachs"]
[BlackTeam "HB an der Gete"]
[WhiteTeamCountry "GER"]
[BlackTeamCountry "GER"]

1. e4 c5 2. Nf3 d6 3. Nc3 Nc6 4. d4 cxd4 5. Nxd4 Nf6 6. Bb5 Bd7 7. Nxc6 bxc6 8. Be2 g6 9. Bg5 Bg7 10. Qd2 0-0 11. Bxf6 Bxf6 12. 0-0-0 Rb8 13. g3 Qb6 14. b3 Qxf2 15. Qe1 Qxe1 16. Rdxe1 Bxc3 17. Ref1 Bf6 18. h4 c5 19. c4 Bc6 20. Bd3 Bg7 21. Rf2 f5 22. exf5 Bxh1 23. Re2 gxf5 24. Rxe7 Ra8 25. Rd7 Rfd8 26. Re7 Be4 27. Bxe4 fxe4 28. Rxe4 d5 29. cxd5 Rxd5 30. Rc4 Rc8 31. Kc2 Rd4 32. Rxd4 cxd4+ 33. Kd3 Rc3+ 34. Kd2 Rxg3 35. Ke2 d3+ 36. Kd2 Bh6+ 37. Kd1 Rg1# 0-1